000 00427nam a2200205Ia 4500
001 003857
003 YMCAF
005 20230512160236.0
008 100717s1971 ||||||||||||||||| ||und|d
024 _a3857
035 _a3862
040 _aYMCAF
_beng
_cIN-KoLT
041 _aeng
082 _a658.1
_bPAG
100 _aPAGE C.S.
245 0 _aFINANCE FOR MANAGEMENT
260 _c1971
300 _a246
942 _2ddc
_cBK
999 _c3057
_d3057